| 000 | 004730000a22001930004500 | ||
|---|---|---|---|
| 001 | 003507 | ||
| 003 | MACL | ||
| 005 | 20151202165452.0 | ||
| 008 | 151202b xxu||||| |||| 00| 0 eng d | ||
| 040 |
_aMACL _cMACL |
||
| 041 | _aEnglish | ||
| 082 | _a741.642 | ||
| 100 |
_aParashar, Reema _919152 |
||
| 245 |
_aChnderella and Othere Stories _cReema Parashar |
||
| 260 |
_aSilver Bell, _c2005 |
||
| 350 | _a250 | ||
| 650 |
_aChildren's Book _919153 |
||
| 942 |
_k742 _cBK _2ddc |
||
| 999 |
_c15407 _d15407 |
||